| 000 | 00781nam a22001937a 4500 | ||
|---|---|---|---|
| 008 | 210120b xxu||||| |||| 00| 0 eng d | ||
| 020 | _a9789937532037 | ||
| 041 | _aNep. | ||
| 082 | _aN921/Du851m | ||
| 100 | _aDumre, Krishna Prasad. | ||
| 241 | _aManokranti ra Bikasananda.(Dr.Yogi BIkasanandako jivani ktititwa abam manokranti aviyan.) | ||
| 245 |
_aमनोक्रान्ति र विकाशानन्दः _bडा. योगी विकाशनन्दको जीवनी, कृतित्व एवं मनोक्रान्ति अभियान |
||
| 250 | _a2nd. | ||
| 260 |
_aKathmandu: _bReki Yog Prakashan, _c2074.B.S. |
||
| 300 | _a141p. | ||
| 504 | _aBibliography:p.141. | ||
| 650 | _aBikashananda-Biography | ||
| 942 |
_2ddc _cISBN |
||
| 999 |
_c97792 _d97781 |
||